Statistics for Countries with Gucci

Click here to take the quiz!

General Stats

  • This quiz has been taken 27 times
  • The average score is 46 of 55

Answer Stats

QuantityCountry% Correct
13Canada
100%
90China
100%
41France
100%
7Macau
100%
1Portugal
100%
1Puerto Rico
100%
7Saudi Arabia
100%
103United States
100%
9Brazil
96%
13Germany
96%
36Italy
96%
97Japan
96%
5Qatar
96%
69South Korea
96%
8Spain
96%
1Sweden
96%
19United Arab Emirates
96%
28United Kingdom
96%
12Australia
92%
16Mexico
92%
9Russia
92%
4India
88%
1Norway
88%
1Poland
88%
2South Africa
88%
1Aruba
83%
2Austria
83%
1Belgium
83%
3Greece
83%
1Israel
83%
6Netherlands
83%
7Singapore
83%
18Taiwan
83%
7Thailand
83%
6Turkey
83%
1Bahrain
79%
1Chile
79%
1Czech republic
79%
2Denmark
79%
1Ireland
79%
1Luxembourg
79%
6Malaysia
79%
2Monaco
79%
3New Zealand
79%
6Switzerland
79%
3Indonesia
75%
1Morocco
75%
2Vietnam
75%
1Ukraine
67%
1Hungary
63%
1Lebanon
63%
2Philippines
63%
1Panama
54%
1Kazakhstan
46%
12Hongkong
29%

Score Distribution

Percentile by Number Answered

Percent of People with Each Score

Your Score History

You have not taken this quiz